Algebraic methods in quantum chemistry and physics by Francisco M Fernandez and Eduardo A Castro (Record no. 1211599)
[ view plain ]
| 000 -LEADER | |
|---|---|
| fixed length control field | 01282nam a2200313Ia 4500 |
| 003 - CONTROL NUMBER IDENTIFIER | |
| control field | OSt |
| 005 - DATE AND TIME OF LATEST TRANSACTION | |
| control field | 20221007123242.0 |
| 008 - FIXED-LENGTH DATA ELEMENTS--GENERAL INFORMATION | |
| fixed length control field | 221006b |||||||| |||| 00| 0 eng d |
| 020 ## - INTERNATIONAL STANDARD BOOK NUMBER | |
| International Standard Book Number | 0849382920 (hbd) |
| -- | 94.95 |
| 037 ## - SOURCE OF ACQUISITION | |
| Terms of availability | Textual |
| 040 ## - CATALOGING SOURCE | |
| Original cataloging agency | PAPL |
| Transcribing agency | PAPL |
| Language of cataloging | eng |
| 041 ## - LANGUAGE CODE | |
| Source of code | eng |
| Language code of text/sound track or separate title | eng |
| 100 ## - MAIN ENTRY--PERSONAL NAME | |
| Personal name | Fernandez Francisco M |
| 9 (RLIN) | 716967 |
| 245 #0 - TITLE STATEMENT | |
| Title | Algebraic methods in quantum chemistry and physics by Francisco M Fernandez and Eduardo A Castro |
| Remainder of title | Castro Eduardo A |
| 260 ## - PUBLICATION, DISTRIBUTION, ETC. | |
| Place of publication, distribution, etc. | Boca |
| Name of publisher, distributor, etc. | Raton CRC Press |
| Date of publication, distribution, etc. | 1996 |
| 300 ## - PHYSICAL DESCRIPTION | |
| Extent | vii,269p |
| Dimensions | cm. |
| 490 ## - SERIES STATEMENT | |
| Series statement | Mathematical chemistry series |
| 500 ## - GENERAL NOTE | |
| General note | Appendix A-B,245-254p; Bibliographical references 255-259p; Index 261-269p; ^n23/CSL/Carpa/96-97/4007^d1997-02-19^mPurchase; ; 96-97/434^b1997-03-03^c044403^d1997-02-25^eNarosa Book Distributors Private Limited; ; 1997-03-07^bSB^c1997-08-26^r1997-11-05 |
| 650 ## - SUBJECT ADDED ENTRY--TOPICAL TERM | |
| Topical term or geographic name entry element | Group theory |
| 9 (RLIN) | 440733 |
| 650 ## - SUBJECT ADDED ENTRY--TOPICAL TERM | |
| Topical term or geographic name entry element | Lie algebra irt Quantum chemistry |
| 9 (RLIN) | 716968 |
| 650 ## - SUBJECT ADDED ENTRY--TOPICAL TERM | |
| Topical term or geographic name entry element | Mathematics |
| 700 ## - ADDED ENTRY--PERSONAL NAME | |
| Personal name | Castro Eduardo A |
| 9 (RLIN) | 716969 |
| 942 ## - ADDED ENTRY ELEMENTS (KOHA) | |
| Classification part | B27M090bE:219, N6 |
| Koha item type | Textual |
| Source of classification or shelving scheme | Colon Classification (CC) |
| Withdrawn status | Lost status | Source of classification or shelving scheme | Damaged status | Not for loan | Home library | Current library | Date acquired | Source of acquisition | Total Checkouts | Full call number | Barcode | Date last seen | Price effective from | Koha item type |
|---|---|---|---|---|---|---|---|---|---|---|---|---|---|---|
| Colon Classification (CC) | Department of Physics and Astrophysics Library | Department of Physics and Astrophysics Library | 2022-10-07 | Narosa, | B27M090bE:219 N6 | PA0005147 | 2022-10-07 | 2022-10-07 | Textual |
